Personnages d'anime en images - C - Statistiques

Statistiques générales
  • Ce quiz a été pris 561 fois
  • Le résultat moyen est 7 sur 16
Statistiques - réponses
Par images Réponse % Correct
Tony-Tony Chopper
93%
Détective Conan
90%
Chôji Akimichi
73%
Professeur Chen
73%
Chihiro
72%
Cell
71%
Chrollo Lucifer
51%
C.C.
32%
Chika Fujiwara
32%
Capitaine Flam (Curtis Newton)
30%
Calcifer
29%
Casca
27%
Caesar Antonio Zeppeli
20%
Canon Evans
16%
Canute
14%
Clare
2%
Aucun quiz correspondant
Distribution des résultats
% des personnes avec chaque résultat
Percentile par nombre de réponses
Votre historique - résultats
Vous n’avez pas pris ce quiz